| 000 | 00641nam a22001577a 4500 | ||
|---|---|---|---|
| 999 |
_c534692 _d534692 |
||
| 020 | _qHard Cover. | ||
| 082 | _a624.1 | ||
| 100 | _aKhan, Mohsen Islam | ||
| 245 |
_aComparison between arbitration proceedings under arbitration act of 1940 and international rules of arbitration for large scale construction projects of Pakistan / _cMohsen Islam Khan. |
||
| 260 |
_aIslamabad: _bSCEE - NUST, _c2014. |
||
| 300 |
_a70 p. : _bill. ; _c30cm. _e+CD |
||
| 942 |
_2ddc _cTHE |
||
| 650 |
_aConstruction Engineering and Management MS-Thesis. _917023 |
||
| 700 |
_aDr. Hamza Farooq Gabriel _927413 |
||